000 00565nam a2200169Ii 4500
003 JO-AjNU
008 230605s9999||||xx |||||||||||||| ||und||
040 _aJO-AjNU
_bara
_erda
_cJO-AjNU
041 _aara
100 3 _aإعداد ناصيف، إميل,
_eauthor
_911128
245 0 0 _aمن أروع ما قال الرسول صلى الله عليه وسلم
264 3 1 _aبيروت: دار الجيل 1900
336 _atext
_btxt
_2rdacontent
337 _aunmediated
_bn
_2rdamedia
338 _avolume
_bnc
_2rdacarrier
650 4 _aالأدب العربي
_911129
999 _aA2163
_c5731
_d5731